| 000 | 02726cam a2200469 c4500 | ||
|---|---|---|---|
| 999 |
_c80545 _d80545 |
||
| 001 | 1641840013 | ||
| 003 | DE-627 | ||
| 005 | 20210111142306.0 | ||
| 007 | tu | ||
| 008 | 180906s2018 gw ||||| 00| ||ger c | ||
| 015 |
_a18,N32 _2dnb |
||
| 016 | 7 |
_a1163677213 _2DE-101 |
|
| 020 |
_a9783799545358 _cFesteinband : EUR 85.00 (DE), EUR 87.40 (AT) |
||
| 024 | 3 | _a9783799545358 | |
| 035 | _a(DE-627)1641840013 | ||
| 035 | _a(DE-576)51074088X | ||
| 035 | _a(DE-599)BSZ51074088X | ||
| 035 | _a(OCoLC)1048289765 | ||
| 035 | _a(OCoLC)1048289765 | ||
| 040 |
_aDE-627 _bger _cDE-627 _erda _dSTAFF |
||
| 041 | _ager | ||
| 044 | _cXA-DE-BW | ||
| 084 |
_aNR 1800 _qDE-14/sred _2rvk _0(DE-625)rvk/129177: |
||
| 084 |
_a15.41 _2bkl |
||
| 084 |
_a15.42 _2bkl |
||
| 245 | 1 | 0 |
_aResidenzstädte im Alten Reich (1300-1800). _nAbteilung 1. _pAnalytisches Verzeichnis der Residenzstädte. _nTeil 1. _pNordosten / herausgegeben von Harm von Seggern |
| 264 | 1 |
_aOstfildern: _bJan Thorbecke Verlag, _c[2018] |
|
| 264 | 4 | _c© 2018 | |
| 300 |
_aXVII, 687 Seiten _c24 cm |
||
| 336 |
_aText _btxt _2rdacontent |
||
| 337 |
_aohne Hilfsmittel zu benutzen _bn _2rdamedia |
||
| 338 |
_aBand _bnc _2rdacarrier |
||
| 490 | 0 |
_aResidenzenforschung. _aNeue Folge, Stadt und Hof |
|
| 520 | _a"Mit dem hier vorgelegten Band zu den Residenzstädten im Nordosten des Alten Reichs wird die auf insgesamt vier Bände angelegte »1. Abteilung« des »Handbuchs der Residenzstädte« eröffnet. Diese »Abteilung« bietet ein umfassendes Verzeichnis aller Residenzstädte des Alten Reichs, die in ausführlichen, sechs- bis zwölfseitigen Artikeln im Stil eines Dictionnaire raisonné vorgestellt werden. Es geht dabei um die Frage, ob und inwieweit die Städte durch die Anwesenheit eines fürstlichen bzw. adligen Hofs verändert wurden und ob es Rückwirkungen auf den Hof gegeben hat. Der erste (Teil-)Band enthält über 170 Artikel, in denen die mal stärkere, mal schwächere höfische Prägung der zumeist kleineren Städte dargestellt wird. Neben den großen und bekannteren Residenzstädten wie Berlin/Cölln, Dresden, Marienburg und Weimar werden insbesondere kleinere Orte wie Blankenburg (Harz), Gadebusch, Sonnenburg, (Bad) Wilsnack und viele andere in ihrer Bedeutung als Sitz eines Hofes hervorgehoben." (Verlagsinformation) | ||
| 951 | _aMV | ||
| 700 | 1 |
_aSeggern, Harm von _d1964- _eHerausgeberIn _0(DE-588)128568690 _0(DE-627)376203803 _0(DE-576)182969304 _4edt |
|
| 773 | 1 | 8 |
_w(DE-627)1028585039 _gAbteilung 1, Teil 1 _q1,1 |
| 856 | 4 | 2 |
_uhttp://www.informationsmittel-fuer-bibliotheken.de/showfile.php?id=9646 _mB:V:DE-576 _mB:X:IFB _qapplication/pdf _v20190402050002 _3Rezension |
| 936 | b | k | _a15.41 |
| 936 | b | k | _a15.42 |
| 942 |
_2z _cB |
||